000 00611nam a2200193 4500
001 136406
003 ES-MaACL
005 20250627063646.0
007 t|
008 070214s1958 sp r ||||1| eng d
100 1 _aRusiñol, Santiago,
_d1861-1931
_9241043
245 1 0 _aMajorca
_b: the island of calm /
_cby Santiago Rusiñol ; [English version by Mary Lake].
250 _a1st publ.
260 _aBarcelona :
_bPulide,
_c1958.
300 _a215 p., 14 lám. :
_bil. = retr. aut. ;
_c17 cm.
700 1 _aLake, Mary.
_969717
852 _aES-MaACL
_jC-15212
_bR.42427
999 _c136406
_d136406